|
|
|
|
| LEADER |
00000cas a2200000 i 4500 |
| 003 |
Ucuenca |
| 005 |
20230308230121.0 |
| 006 |
a||||gr|||| 001 | |
| 007 |
ta |
| 008 |
999102s1992 xxu|||||r|||||||||||eng a |
| 022 |
|
|
|a 0964-4563
|
| 040 |
|
|
|b spa
|a UCuenca-cdrjbv
|c UCuenca
|e rda
|
| 041 |
0 |
|
|a eng
|
| 082 |
0 |
|
|a 610.5
|b B862t
|2 22
|
| 110 |
1 |
|
|a British Medical Journal.
|9 229494
|e autor
|
| 245 |
0 |
0 |
|a Tabacco control an international journal /
|c British Medical Journal.
|
| 250 |
|
|
|a First edition.
|
| 264 |
|
1 |
|a London:
|b BMJ Publishing Group,
|c 1992.
|
| 300 |
|
|
|a 79 páginas:
|b ilu
|c 30 cm
|
| 310 |
|
|
|a trim
|
| 336 |
|
|
|2 rdacontent
|a texto
|b txt
|
| 337 |
|
|
|2 rdamedia
|a no mediado
|b n
|
| 338 |
|
|
|2 rdacarrier
|a volumen
|b nc
|
| 362 |
|
|
|a v. 1, no. 1 (marzo 1992)
|
| 504 |
|
|
|a ii
|
| 650 |
1 |
7 |
|a Revista de Ciencias Médicas
|9 175170
|2 UCuenca-cdrjbv
|
| 650 |
1 |
7 |
|a Ciencias médicas
|9 63588
|2 UCuenca-cdrjbv
|
| 651 |
|
|
|2 UCuenca-cdrjbv
|
| 852 |
|
|
|a UC-CDJBV
|
| 856 |
|
|
|u http://cdjbv.ucuenca.edu.ec/images/portada1.jpg
|
| 942 |
|
|
|c SER
|2 ddc
|z luz.vázquez@ucuenca.edu.ec
|r bladimir.cabrerar@ucuenca.edu.ec
|
| 999 |
|
|
|c 155324
|d 155324
|